000 00611nam a22002417a 4500
003 UA-OsUOA
001 30491
007 ta
008 20041110b un ||||| |||| 00| 0 ukr d
100 _aКучеровский Н. М.
090 _a82.09(477+571)
_bК95
942 _cBK
040 _aUA-OsUOA
_brus
_cUA-OsUOA
_dUA-OsUOA
245 _aИ. А. Бунин и его проза (1887 - 1917)
300 _a319 с.
955 _a0
041 _arus
080 _a82.09(477+571)
260 _aТула
_bПриокское кн. изд-во
_c1980
044 _aRU
650 7 _2UDC
999 _c316903
_d316903